00932nam a2200253Ia 4500003000900000005001700009008004100026040001300067040001300080041000900093100002200102100001900124245011600143250000900259260001800268260001000286300001200296490002500308490000600333600013000339942001200469999001300481952018400494IT-RoPAU20220918175250.0120407s9999 xx 000 0 und d aIT-RoPAU cIT-RoPAU alat  aAugustinus936379 csanctus934123 aLa Genesi. Testo latino dell’edizione maurina confrontato con il corpus scriptorum ecclesiasticorum latinorum aRoma aCittà Nuova c1988  c23.5 cm aOpere di S. Agostino v2 a" 1° vol. Intr. di Penna - Di Giovanni 270 p. 2° vol. Intr. di Carrozzi.L. 900 p."936380 cBK2ddc c470d470 00102ddc406276_60000000000000071aPAULUSbPAULUSd2012-04-11l0o276.6r2012-04-11 00:00:00w2012-04-11yBKzInserito da: Anna In data: n.d. fondo: Via A.Severo 56 Progr:19635